| 000 | 00817nam a2200229 a 4500 | ||
|---|---|---|---|
| 005 | 20221005063453.0 | ||
| 008 | 030306s2000 mx r 000 0 spa d | ||
| 020 | _a9688479988 | ||
| 035 | _aUPN01000122611 | ||
| 049 | _aCG | ||
| 050 | 4 |
_aJK1764 _bP7.6 2000 |
|
| 245 | 0 | 0 |
_aProblemas públicos y agenda de gobierno / _cCharles D. Elder ... [et al.] ; ed. Luis F. Aguilar Villanueva. |
| 250 | _a3a ed. | ||
| 260 |
_aMéxico : _bM.A. Porrúa, _c2000. |
||
| 300 | _a286 p. | ||
| 440 | 0 |
_aAntologías de política pública ; _v3. _pTercera antología |
|
| 650 | 2 |
_aParticipación política _97706 |
|
| 650 | 4 |
_aPROCEDIMIENTOS CIVILES - _zESTADOS UNIDOS - _vDISCURSOS, ENSAYOS, CONFERENCIAS |
|
| 700 | 1 |
_aElder, Charles D., _ecoaut. |
|
| 700 | 1 |
_aAguilar Villanueva, Luis Fernando, _d1938- _eed. _928290 |
|
| 905 | _aLibro | ||
| 999 |
_c94796 _d94796 |
||